000 00455nam a2200169 4500
001 45174
090 _a45174
100 _a20251118 pory50
101 _apor
102 _aPT
200 _aComo desenvolver a InteligĂȘncia Emocional
_fOliver James
_gtrad. Multilingues Lda.
210 _a[S.l.]
_cLua de Papel - Leya
_cdist. Expresso
_d2019
215 _a165 p.
_cil.
225 _aThe School of Life
675 _a159.142
801 _aPT
_gRPC
990 _cLIVROS